000 02382cam a2200289 4500500
005 20260426020106.0
041 _afre
042 _adc
100 1 0 _aHachet, Pascal
_eauthor
245 0 0 _aLa toxicomanie : du corps troué aux intrusions psychiques
260 _c2005.
500 _a88
520 _aChez le toxicomane, l’effraction ne se limite pas aux dégâts corporels perforants liés aux pratiques d’injection par voie intraveineuse. Ces atteintes permettent en effet au clinicien d’accéder aux traces, voire au souvenir, d’expériences vécues où le corps a subi des atteintes qui ont eu des conséquences traumatisantes sur le psychisme. Elles permettent plus fréquemment encore de discerner des configurations psychiques où l’addiction désigne le lieu corporel d’atteintes psychophysiques survenues chez un ou plusieurs ascendant(s) du toxicomane. Mais l’effraction psychique la plus importante que puisse subir ce dernier semble causée par la levée brutale et ambiguë de situations de secret ourdies autour d’événements familiaux traumatisants.
520 _aDrug addiction : from the pierced body to the psychic intrusions For the drug addict the breach is not limited to the physical perforating damage linked to the use of intravenous injection. Indeed these attacks make it possible for the clinician to reach the traces, even the souvenir of lived experiences in which the body has suffered attacks that have had traumatic consequences on the psyche. They allow to discern, still more frequently, the psychological shapes where the addiction indicates the bodily place of psychological attacks occurred to one or several of the addicted person’s ascendants. But the most important psychological breach that this latter can experience seems to be caused by the brutal and ambiguous lifting of situations hatched around traumatizing family events.
690 _aCrypte
690 _aEffraction corporelle
690 _aFantôme
690 _aSecret de famille
690 _aToxicomanie
690 _aAddiction
690 _aBodily breach
690 _aCrypt
690 _aFamily secret
690 _aGhost
786 0 _nImaginaire & Inconscient | 16 | 2 | 2005-11-01 | p. 67-75 | 1628-9676
856 4 1 _uhttps://shs.cairn.info/revue-imaginaire-et-inconscient-2005-2-page-67?lang=fr&redirect-ssocas=7080
999 _c2225426
_d2225426